000 00492nam a22001937a 4500
003 MPLRDC
005 20220104114708.0
008 210129b ||||| |||| 00| 0 eng d
020 _a7-209-01140-4
082 _a083.6 ZHH v.2
100 _a许学圣主编
245 _a中华魂丛书: 求知卷
_c
250 _a一版一刷
260 _a
_b山东人民出版社
_c1992
300 _b
490 _a中华魂丛书
650 _a现代丛书--通俗用
942 _cBK
_o083.6 ZHH v.2
999 _c9501
_d9491